Quizzes
Events
Quiz Creation
Community
Videos
Private Events
Remove Ads
Sign In
Join for FREE
Feedback
Dark Mode
Quiz Categories
Sports
Geography
Music
Movies
Television
Just For Fun
Miscellaneous
History
Literature
Language
Science
Gaming
Entertainment
Religion
Holiday
For Kids
Quiz Lab
Recent
Popular Today
Quiz Kudos Today
Editor Picks
Curator Picks
Quizzes by...
Day
Popularity
Type
Ratings
Length
Year
Community
Subscriptions
Recent Discussions
Orange Saloon
Badges
Playlists
Quests
Create
Leaderboards
Showdown
Live 5
Trivia Bingo
Activity
Puzzle Library
Sporcle Events
Private Events
Virtual Trivia
Globe League
Become a Host
Pub Owners
SporcleCon
Opinionation
Our Games
Videos
Blog
Mobile Apps
Partnerships
Remove Ads and Go Orange
Feedback
Language
Vocabulary
Begins and Ends
Definition
Spanish
French
German
Italian
Chinese
Latin
Translation
Japanese
Language
Vocabulary
Begins and Ends
Definition
Spanish
French
German
Italian
Chinese
Latin
Translation
Japanese
Random Quiz
Search Sporcle
×
Quiz Lab
Quiz Lab
Language
mine
Type in answers that appear in a list
Type in answers that appear in a list
Classic
Best Score? Go Orange.
This One, That one, And Mine Stats
Can you name the Anagrams?
By
marvinbaby
7m
8 Questions
98 Plays
98 Plays
98 Plays
Comments
Comments
Give Quiz Kudos
Give Quiz Kudos
-
- Ratings
hide this ad
More Info
Replay
Link that replays current quiz
Next Quiz
Link to next quiz in quiz playlist
You Got
0%
They Got
Avg Score
52%
Avg Friend Score
Upgrade to see
Score Distribution
Jump to the score distribution portion of the page
Score
0/8
Timer
07:00
0
Plays Today
This One, That One
Mine
% Correct
lief, life
file
91.8%
ecom, meco
come
89.8%
diet, tide
edit
84.7%
enlist, silent
listen
55.1%
sharper, phaser
phrase
34.7%
chaser, casher
search
33.7%
ratters, starter
restart
32.7%
1%
Quiz Playlist
Details
Report
Send in Message
Add To Playlist
More Info:
Hope you like it!
Classic:
Type in answers that appear in a list
Last Updated: Feb 16, 2017
Quiz Scoreboard
CHALLENGE
Sign Up to Join the Scoreboard
Show All
Scores
Hide
Comments
May contain spoilers
Recently Published
TV Characters by Other Roles V
by ghcgh
Television
5m
Decade Duel: World Leaders
by jenniferyan
History
4m
Alphabetical 'K' Countries by Flag Minefield
by ylime102
Geography
3m
More to Explore
Quiz From the Vault
Featured Blog Post
15 Basketball Trivia Facts You Can Be March Mad About
hide this ad
You Might Also Like...
Tags
anagrams
cat
Category
mine
Today's Top Quizzes in Language
Browse Language
hide this ad
Today's Top Quizzes in mine
Browse mine
Top Contributed Quizzes in Language
1
Spring or Fall
2
Spanish Seasons
3
UNIT 1 Quiz A
4
Seasonal Rhymes
5
Multilingual Seasons
6
Einsilbige Reime auf Chips
7
Forms of Gustar
8
Name the 4 Seasons in English
9
Spring or Fall?
10
Quick Pick: Seasons in Esperanto
Explore More
Trending Topics
NBA
Disney
Anime
Crossword
Harry Potter
Marvel
Kpop
Soccer
Pokémon
NFL
The Office
WWE
Country
Song
Puzzle
hide this ad
More By:
marvinbaby
Quiz
Plays
Rating
Category
Featured
Created
This One, That one, And Mine
98
1.20
Language
Dec 26, 2010
Go to Creator's Profile
Score Distribution
Quiz Creator Spotlight
marvinbaby
Follow
Send a Message
Quizzes Created
-
Created Quiz Play Count
-
More By This Creator
Popular Quizzes Today
1
Countries of Asia Without Outlines Minefield
2
Find the US States - No Outlines Minefield
3
Pick 6: Fruits
4
The Countries of the World
5
Find the Countries of Europe - No Outlines Minefield
6
Alphabetical 'K' Countries by Flag Minefield
7
US States
8
Find the US States
More Language Quizzes
My Name Is a Word!
Published
Trending Quizzes
Pick 6: Mountains
Pick 6: Harry Potter
Pick 6: Flags
Pick 6: NFL Teams
C Names for Actors
Recently Updated
Adaptations: Name the Title
pecheneg
NWSL Teams
pecheneg
Women's Final Four Teams by Year
bhenderson79
Presidents Quartet II
eogle
Anything But Clue(do)
eogle
Anything But Oceanian Capitals
eogle
Anything But 7
eogle
Anything But Thing
eogle
Word Ladder: February 29
pecheneg
Song Title Questions
pecheneg
Trending Topics
Marvel
NBA
Disney
Crossword
Anime
Kpop
Harry Potter
NFL
Soccer
Puzzle
The Office
Pokémon
Song
WWE
Country
Your Account Isn't Verified!
In order to create a playlist on Sporcle, you need to verify the email address you used during registration. Go to your
Sporcle Settings
to finish the process.
Report this User
Report this user for behavior that violates our
Community Guidelines
.
Details:
Send Report
Go to the Sporcle.com Mobile Site →
Comments